000 01149pam a2200325 a 4500
001 016029183
003 Uk
005 20130206143356.0
007 ta
008 110617s2012 enka b 001|0 eng d
020 _a9780853699613 (pbk.)
082 0 4 _a616.075024615
_222
_bMIN
245 0 0 _aMinor Illness or Major Disease? /
_cBrian Addison ... [et al.].
250 _a5th ed. /
_bBrian Addison ... [et al.].
260 _aLondon :
_bPharmaceutical Press,
_c2012.
300 _avi, 233 p. :
_bcol. ill. ;
_c25 cm.
500 _aPrevious ed. by Clive Edwards, Paul Stillman. 2006.
504 _aIncludes bibliographical references and index.
650 0 _aPharmacist and patient.
_930128
650 0 _aPharmacist and patient
_vCase Studies.
_932460
650 0 _aDrugs, Nonprescription
_xUtilization
_vCase studies.
_932461
650 0 _aPharmaceutical services
_zGreat Britain.
_932462
650 0 _aMedical history taking.
_932463
650 0 _aDiagnosis.
_932464
650 0 _aMedical cooperation.
_932465
650 0 _aSelf-care, Health.
_932466
653 _bPharmacy
_cFebruary2013
700 1 _aAddison, Brian.
_932467
942 _2ddc
_cBB
999 _c17249
_d17221